000 00610nam a2200205 a 4500
005 20210223125339.0
008 040401s2000 mx r 000 0 spa d
020 _a8484650146
035 _aUPN01000132919
049 _aCG
050 4 _aLB1123
_bM6.2
100 1 _aMonge Crespo, María Concepción
245 1 3 _aEl alumno zurdo :
_bdidáctica de la escritura /
_cMa. Concepción Monge Crespo.
260 _aZaragoza, Esp. :
_bMira,
_c2000.
300 _a188 p. :
_bil., gráfs.
440 0 _aPsicopedagogía
650 4 _aDESTREZA MANUAL
_912833
650 4 _aDOMINANCIA LATERAL
_915444
905 _aLibro
999 _c105072
_d105072